[Event "TUR-chT2"]
[Site "Konya"]
[Date "2014.06.28"]
[Round "8.11"]
[White "Kart, Melih"]
[Black "Magalashvili, Davit"]
[Result "0-1"]
[WhiteElo "1731"]
[BlackElo "2515"]
[PlyCount "69"]
[EventDate "2014.06.23"]
[EventType "team-swiss"]
[EventRounds "9"]
[EventCountry "TUR"]
[SourceTitle "CBM 161 Extra"]
[Source "ChessBase"]
[SourceDate "2014.08.29"]
[SourceVersion "1"]
[SourceVersionDate "2014.08.29"]
[SourceQuality "1"]
[WhiteTeam "Er Bakir"]
[BlackTeam "Ataturk Univ"]
[WhiteTeamCountry "TUR"]
[BlackTeamCountry "TUR"]

1. e4 c5 2. Nc3 a6 3. g3 b5 4. Bg2 Bb7 5. d3 e6 6. Nf3 d6 7. 0-0 Nd7 8. Re1 b4 9. Ne2 Ngf6 10. c3 bxc3 11. bxc3 c4 12. e5 dxe5 13. dxc4 Qc7 14. Be3 Bc5 15. Qc1 0-0 16. Rb1 Be4 17. Rb2 Ba3 18. Qd2 Bxb2 19. Qxb2 Rab8 20. Qa3 Qc6 21. Nh4 Bxg2 22. Nxg2 Qxc4 23. Bc1 Nd5 24. Ne3 Nxe3 25. Bxe3 Rfc8 26. Qd6 Qc6 27. Qd2 Nf6 28. Rd1 Nd5 29. Qd3 Qc4 30. Qxc4 Rxc4 31. Ra1 f5 32. Kf1 Nxc3 33. Nxc3 Rxc3 34. a4 Rbb3 35. Kg2 0-1

[Event "TUR-chT2"]
[Site "Konya"]
[Date "2014.06.26"]
[Round "6.11"]
[White "Kart, Melih"]
[Black "Erilli, Necati Alp"]
[Result "1/2-1/2"]
[WhiteElo "1731"]
[BlackElo "1926"]
[PlyCount "76"]
[EventDate "2014.06.23"]
[EventType "team-swiss"]
[EventRounds "9"]
[EventCountry "TUR"]
[SourceTitle "CBM 161 Extra"]
[Source "ChessBase"]
[SourceDate "2014.08.29"]
[SourceVersion "1"]
[SourceVersionDate "2014.08.29"]
[SourceQuality "1"]
[WhiteTeam "Er Bakir"]
[BlackTeam "Gercek"]
[WhiteTeamCountry "TUR"]
[BlackTeamCountry "TUR"]

1. e4 c5 2. Nc3 a6 3. f4 b5 4. Nf3 Bb7 5. d3 g6 6. Be3 d6 7. g4 Bg7 8. Qd2 Nc6 9. Bg2 Nf6 10. 0-0 Nxg4 11. Rae1 Nxe3 12. Rxe3 Bd4 13. e5 Bxe3+ 14. Qxe3 Nd4 15. Nxd4 cxd4 16. Qxd4 Bxg2 17. Kxg2 0-0 18. Nd5 Rc8 19. Re1 Rxc2+ 20. Kg3 Rc6 21. f5 dxe5 22. Qxe5 Re8 23. Nxe7+ Rxe7 24. Qxe7 Qxd3+ 25. Re3 Qd6+ 26. Qxd6 Rxd6 27. fxg6 hxg6 28. Re2 Kg7 29. Rf2 g5 30. h4 gxh4+ 31. Kxh4 Rg6 32. a4 Rb6 33. axb5 Rxb5 34. Rc2 Rb6 35. Kg5 Rb5+ 36. Kf4 Kg6 37. Rc6+ f6 38. Rxa6 Rxb2 1/2-1/2

[Event "TUR-chT2"]
[Site "Konya"]
[Date "2014.06.25"]
[Round "4.11"]
[White "Yalim, Suleyman"]
[Black "Kart, Melih"]
[Result "1/2-1/2"]
[WhiteElo "2070"]
[BlackElo "1731"]
[PlyCount "116"]
[EventDate "2014.06.23"]
[EventType "team-swiss"]
[EventRounds "9"]
[EventCountry "TUR"]
[SourceTitle "CBM 161 Extra"]
[Source "ChessBase"]
[SourceDate "2014.08.29"]
[SourceVersion "1"]
[SourceVersionDate "2014.08.29"]
[SourceQuality "1"]
[WhiteTeam "Sader"]
[BlackTeam "Er Bakir"]
[WhiteTeamCountry "TUR"]
[BlackTeamCountry "TUR"]

1. e4 c5 2. Nf3 d6 3. d4 cxd4 4. Nxd4 Nf6 5. Nc3 g6 6. Be2 Bg7 7. 0-0 0-0 8. Re1 Nc6 9. Nb3 a6 10. a4 Be6 11. Bf1 Bxb3 12. cxb3 Rc8 13. Be3 Nb4 14. Bc4 Nd7 15. a5 Nc5 16. Na4 Nxa4 17. Rxa4 Nc6 18. Bb6 Qd7 19. Qd2 e5 20. Bd5 Nd4 21. Bxd4 exd4 22. Rc4 Rc5 23. Rec1 Rfc8 24. Qb4 R8c7 25. g3 Bh6 26. Rd1 Bg7 27. Rd3 h5 28. Rf3 Qg4 29. Kg2 h4 30. h3 Qc8 31. Rxc5 dxc5 32. Qc4 Qe8 33. gxh4 Be5 34. h5 gxh5 35. Rf5 Kg7 36. Qe2 f6 37. Rxh5 d3 38. Qg4+ Qg6 39. Kf3 Bxb2 40. Ke3 Bd4+ 41. Kxd3 Qxg4 42. hxg4 Bxf2 43. g5 Be1 44. gxf6+ Kxf6 45. Rf5+ Ke7 46. e5 Bxa5 47. Rf7+ Kd8 48. Rf8+ Ke7 49. Rb8 Rd7 50. Ke4 Bd2 51. Rh8 a5 52. Rh3 b5 53. e6 Rd8 54. Ke5 Bf4+ 55. Ke4 Bc1 56. Rh1 Bd2 57. Rh2 Bc3 58. Rh3 Bd2 1/2-1/2

[Event "TUR-chT2"]
[Site "Konya"]
[Date "2014.06.24"]
[Round "2.6"]
[White "Salepci, Osman Firat"]
[Black "Kart, Melih"]
[Result "1-0"]
[WhiteElo "2094"]
[BlackElo "1731"]
[PlyCount "77"]
[EventDate "2014.06.23"]
[EventType "team-swiss"]
[EventRounds "9"]
[EventCountry "TUR"]
[SourceTitle "CBM 161 Extra"]
[Source "ChessBase"]
[SourceDate "2014.08.29"]
[SourceVersion "1"]
[SourceVersionDate "2014.08.29"]
[SourceQuality "1"]
[WhiteTeam "Pausa"]
[BlackTeam "Er Bakir"]
[WhiteTeamCountry "TUR"]
[BlackTeamCountry "TUR"]

1. e4 e5 2. Nf3 Nc6 3. d4 d6 4. dxe5 Nxe5 5. Nxe5 dxe5 6. Qxd8+ Kxd8 7. Bc4 f6 8. Be3 Bd6 9. Nc3 Ne7 10. 0-0-0 Bd7 11. Rd2 Nc8 12. Rhd1 Nb6 13. Bb3 Ke7 14. Bxb6 axb6 15. Nd5+ Kd8 16. Nxc7 Kxc7 17. Rxd6 Bc6 18. f3 b5 19. c3 Rhe8 20. a3 h6 21. h4 Re7 22. h5 Be8 23. g4 Bc6 24. Re6 Rxe6 25. Bxe6 Kb6 26. Kc2 Re8 27. Bd7 Re7 28. Bxc6 bxc6 29. Rd8 c5 30. c4 Rb7 31. Kc3 b4+ 32. axb4 cxb4+ 33. Kb3 Kc7 34. Rg8 Kc6 35. Rc8+ Kd6 36. c5+ Kd7 37. c6+ Kxc8 38. cxb7+ Kxb7 39. Kxb4 1-0

[Event "TUR-ch"]
[Site "Antalya"]
[Date "2013.02.05"]
[Round "5"]
[White "Gazioglu, Halit"]
[Black "Kart, Melih"]
[Result "1-0"]
[WhiteElo "1959"]
[BlackElo "1717"]
[PlyCount "93"]
[EventDate "2013.02.02"]
[EventType "swiss"]
[EventRounds "11"]
[EventCountry "TUR"]
[SourceTitle "CBM 152 Extra"]
[Source "ChessBase"]
[SourceDate "2013.02.25"]
[SourceVersion "1"]
[SourceVersionDate "2013.02.25"]
[SourceQuality "1"]

1. d4 d5 2. c4 e6 3. Nc3 Nf6 4. Nf3 c6 5. e3 Nbd7 6. Bd3 dxc4 7. Bxc4 b5 8. Bd3 a6 9. 0-0 Bb7 10. e4 Be7 11. e5 Nd5 12. Ne4 c5 13. Bg5 f6 14. exf6 N5xf6 15. Qe2 Kf7 16. Rfe1 Bd5 17. dxc5 Re8 18. Nd6+ Bxd6 19. cxd6 Kg8 20. Rac1 Qb6 21. Bxf6 Nxf6 22. Qe5 Rad8 23. Rc7 Rxd6 24. Rxg7+ Kxg7 25. Qg5+ Kf7 26. Ne5+ Ke7 27. Qg7+ Kd8 28. Qxf6+ Kc8 29. Rc1+ Kb8 30. Qf4 Ka8 31. Bxh7 Qb7 32. Bg6 Rg8 33. f3 Rdd8 34. h4 Rdf8 35. Qe3 Rf6 36. h5 Kb8 37. Qd4 Ka8 38. b3 Rc8 39. Rxc8+ Qxc8 40. Nc6 Qxc6 41. Qxf6 Qc1+ 42. Kh2 Qh6 43. f4 Bxg2 44. Kxg2 Ka7 45. Kg3 Kb8 46. Qd8+ Ka7 47. Qc7+ 1-0

[Event "TUR-ch"]
[Site "Antalya"]
[Date "2013.02.03"]
[Round "2"]
[White "Dogan, Oktay"]
[Black "Kart, Melih"]
[Result "0-1"]
[WhiteElo "1685"]
[BlackElo "1717"]
[PlyCount "100"]
[EventDate "2013.02.02"]
[EventType "swiss"]
[EventRounds "11"]
[EventCountry "TUR"]
[SourceTitle "CBM 152 Extra"]
[Source "ChessBase"]
[SourceDate "2013.02.25"]
[SourceVersion "1"]
[SourceVersionDate "2013.02.25"]
[SourceQuality "1"]

1. d4 d5 2. c4 e6 3. Nf3 Nf6 4. Nc3 Nbd7 5. cxd5 exd5 6. Bg5 c6 7. e4 Qa5 8. exd5 cxd5 9. Bxf6 Nxf6 10. Bb5+ Bd7 11. Bxd7+ Nxd7 12. Qe2+ Kd8 13. 0-0 Bd6 14. Ng5 Rf8 15. Rfe1 Nf6 16. Qb5 Qxb5 17. Nxb5 Bb4 18. Re2 a6 19. Nc3 Bxc3 20. bxc3 Rc8 21. Re3 h6 22. Nh3 Re8 23. Rxe8+ Kxe8 24. Rc1 Ne4 25. f3 Nxc3 26. Nf4 g5 27. Re1+ Kd7 28. Nd3 Nxa2 29. Nc5+ Kc6 30. Nd3 Kb5 31. Rb1+ Kc4 32. Ne5+ Kxd4 33. Nxf7 Rc1+ 34. Rxc1 Nxc1 35. Nxh6 a5 36. Nf5+ Ke5 37. Ne3 d4 38. Nc4+ Kd5 39. Nb2 b5 40. f4 Ne2+ 41. Kf2 Nxf4 42. g3 Ng6 43. Ke2 g4 44. Nd3 Ne5 45. Nf4+ Ke4 46. h4 gxh3 47. Nxh3 a4 48. Nf2+ Kd5 49. g4 a3 50. Nd3 Nxd3 0-1

[Event "TUR-ch"]
[Site "Antalya"]
[Date "2013.02.02"]
[Round "1"]
[White "Kart, Melih"]
[Black "Yilmazyerli, Mert"]
[Result "0-1"]
[WhiteElo "1717"]
[BlackElo "2320"]
[PlyCount "24"]
[EventDate "2013.02.02"]
[EventType "swiss"]
[EventRounds "11"]
[EventCountry "TUR"]
[SourceTitle "CBM 152 Extra"]
[Source "ChessBase"]
[SourceDate "2013.02.25"]
[SourceVersion "1"]
[SourceVersionDate "2013.02.25"]
[SourceQuality "1"]

1. e4 c5 2. Nc3 a6 3. a4 d6 4. g3 Nc6 5. Bg2 g6 6. d3 Bg7 7. Be3 e6 8. Qd2 Nd4 9. Nge2 Qa5 10. Nd1 Nxc2+ 11. Kf1 Qxd2 12. Bxd2 Nxa1 0-1